Historia de Pedernales / Carlos Julio Féliz C. (Registro nro. 6228)
[ vista simple ]
| 000 -LEADER | |
|---|---|
| fixed length control field | 00516nam a22001931a 4500 |
| 001 - CONTROL NUMBER | |
| control field | 6228 |
| 003 - CONTROL NUMBER IDENTIFIER | |
| control field | OSt |
| 005 - DATE AND TIME OF LATEST TRANSACTION | |
| control field | 20260204212044.0 |
| 008 - FIXED-LENGTH DATA ELEMENTS--GENERAL INFORMATION | |
| fixed length control field | 060314s1985||||dr ||||||b||||||||||spa|| |
| 050 ## - LIBRARY OF CONGRESS CALL NUMBER | |
| Classification number | RD 972.9323 F335h |
| 100 ## - ASIENTO PRINCIPAL -- NOMBRE PERSONAL | |
| Personal name | Féliz C., Carlos Julio |
| 245 ## - TÍTULO PROPIAMENTE DICHO: SUBTÍTULO | |
| Title | Historia de Pedernales / Carlos Julio Féliz C. |
| 250 ## - MENCIÓN DE EDICIÓN | |
| Edition statement | 2 |
| 264 ## - PRODUCTION, PUBLICATION, DISTRIBUTION, MANUFACTURE, AND COPYRIGHT NOTICE | |
| Place of production, publication, distribution, manufacture | Santo Domingo : Alfa y Omega |
| 300 ## - PHYSICAL DESCRIPTION | |
| Extensión | 127 p |
| 500 ## - GENERAL NOTE | |
| General note | Incluye indice y bibliografía |
| 650 ## - ASIENTO SECUNDARIO DE MATERIA -- TERMINO TEMÁTICO | |
| Termino Temático Como Elemento de Entrada | 1.Historia - Rep. Dom. - PedernalesÌ |
| 942 ## - ADDED ENTRY ELEMENTS (KOHA) | |
| Source of classification or shelving scheme | Dewey Decimal Classification |
| Koha item type | Libros |
| Withdrawn status | Lost status | Source of classification or shelving scheme | Damaged status | Not for loan | Current library | Date acquired | Full call number | Barcode | Date last seen | Price effective from | Koha item type | Total Checkouts |
|---|---|---|---|---|---|---|---|---|---|---|---|---|
| Faltante/Extraviado | Dewey Decimal Classification | Biblioteca UTECO | 09/09/2019 | RD 972.9323 F335H | 011123 | 09/09/2019 | 09/09/2019 | Libros | ||||
| Dewey Decimal Classification | Biblioteca UTECO | 09/09/2019 | RD 972.9323 F335H | 011124 | 09/09/2019 | 09/09/2019 | Libros |
